| 000 -LEADER |
| fixed length control field |
01533nam a22001577a 4500 |
| 008 - FIXED-LENGTH DATA ELEMENTS--GENERAL INFORMATION |
| fixed length control field |
230429b ||||| |||| 00| 0 eng d |
| 100 ## - MAIN ENTRY--PERSONAL NAME |
| Personal name |
Macduff, Anne |
| 245 ## - TITLE STATEMENT |
| Title |
Performing legal and national identities: Australian citizenship ceremonies and the management of cultural diversity |
| 260 ## - PUBLICATION, DISTRIBUTION, ETC. (IMPRINT) |
| Place of publication, distribution, etc |
Social and Legal Studies |
| 300 ## - PHYSICAL DESCRIPTION |
| Extent |
32(2), Apr, 2023: p.197-215 |
| 520 ## - SUMMARY, ETC. |
| Summary, etc |
Academic scholarship analyses how citizenship law reforms such as longer residency requirements and tougher language tests reinforce culturally exclusionary national narratives. Citizenship ceremonies however, have largely escaped scholarly attention. Drawing on Australia as a case study, this article addresses that gap. After examining how Australian citizenship is performed at ceremonies, this article argues that although the government states that citizenship ceremonies should welcome new citizens, deep suspicions about the cultural diversity of migrants are also conveyed. This paper contributes to an understanding of how citizenship ceremonies reinforce culturally exclusionary national narratives, even where the legal criteria for acquiring citizenship status is non-discriminatory. This paper also illustrates how citizenship ceremonies are important sites for the construction and communication of legal identities. – Reproduced |
| 650 ## - SUBJECT ADDED ENTRY--TOPICAL TERM |
| Topical term or geographic name as entry element |
Ceremony, Citizenship status, Cultural diversity, Law, National identity, Performance. |
| 9 (RLIN) |
38045 |
| 773 ## - HOST ITEM ENTRY |
| Main entry heading |
Social and Legal Studies |
| 906 ## - LOCAL DATA ELEMENT F, LDF (RLIN) |
| Subject DIP |
CITIZENSHIP |
| 942 ## - ADDED ENTRY ELEMENTS (KOHA) |
| Item type |
Articles |